Don Bosco Technical Institute of Makati
Library and Learning Resource Center
Online Public Access Catalog (OPAC)
Normal view MARC view

Entry Topical Term

Number of records used in: 1

001 - CONTROL NUMBER

  • control field: 4751

003 - CONTROL NUMBER IDENTIFIER

  • control field: OSt

005 - DATE AND TIME OF LATEST TRANSACTION

  • control field: 20180702132612.0

008 - FIXED-LENGTH DATA ELEMENTS

  • fixed length control field: 180702|| aca||aabn | a|a d

040 ## - CATALOGING SOURCE

  • Original cataloging agency: OSt
  • Transcribing agency: OSt

150 ## - HEADING--TOPICAL TERM

  • Topical term or geographic name entry element: Empire State Building (New York, N. Y.)
  • General subdivision: Fiction.

670 ## - SOURCE DATA FOUND

  • Source citation: Work cat.: (OSt)20302: Wiesner, David 4749, Sector 7 /, 1999.

Copyright 2017, Don Bosco Technical Institute of Makati, Inc. All Rights Reserved.
In partnership with: Nephila Web Technology, Inc.